000 00740cab a2200229 4500
001 WB3017-55
008 090401t1994 xxu||||| |||| 00| 0 eng d
035 _a(Sirsi) u42003
041 _aeng
245 _aFee cutting competition
260 _c1994
350 _a0
490 _aProperty Week
_v47(5) 5 May 1994, 18(1)
520 _aDiscusses whether it is a shortage of saleable property or more fundamental changes in the actual structure of estate agency which is forcing agents to cut their commission rates.
650 _aCOMMISSION
650 _aESTATE AGENCY
650 _aESTATE AGENTS
650 _aFEE CUTTING
690 _aMANAGEMENT-BUSINESS MANAGEMENT-PROFESSIONAL PRACTICE
942 _n0
948 _c04/03/1997
999 _c26976
_d26976